00994nam a2200265 a 450000100060000000300080000600500170001400800410003103500200007204000370009204100080012908200260013709000230016310000340018624500910022026000570031130000190036850000200038750400660040765000460047365100580051994200120057799900170058995201220060640797BD-RjUL20211209053259.0871007t19681967enk b 001 0 eng d a( BD-RjUL)40912 aYWMcYWMdUKMdBD-RjULdEQObeng aeng04a324.273218bTHF 1968 aJK2262b.T47 1968b1 aThayer, Georged1933-912553814aThe farther shores of politics :bthe American political fringe today /cGeorge Thayer aLondon :bAllen Lane The Penguin Press,c1968, c1967 a610 p.c22 cm. aIncludes index. aBibliographical references included in "Notes" (p. [583]-589) 0aPolitical partieszUnited States.9125434 0aUnited StatesxPolitics and governmenty1945-9125539 2ddccBK c40797d40797 00102ddc40718NFICaRUCLbRUCLcReadingd1987-07-26l0o324.273 THF 1968r2016-05-10 00:00:00tC-1w2016-05-10yBK